Nový Pomocník z matematiky pre 8. ročník ZŠ a 3. ročník GOŠ : zošit pre učiteľa 2. zošit

Bibliographic Details
Main Authors: Kohanová, Iveta (Author), Porkertová, Monika (Author)
Other Authors: Csiba, Viktor (Illustrator)
Format: Book
Language:Slovak
PhysicalDescription:80 strán ilustrácie 24 cm
Published: Bratislava Orbis Pictus Istropolitana 2019
ISBN:9788081206610
Subjects:

MARC

LEADER 00000cam a2200000 4500
001 vtls011861653
003 SK-MaSNL
005 20260302055924.0
008 200205s2019 xo a frpf 000 0 slo
015 |a SNBA2019/08 
020 |a 9788081206610  |q (brožované) 
035 |a urn:nbn:sk:snk-am00d9gd 
035 |a urn:nbn:sk:snk-am3hu60 
035 |a AF12E1CA-4A9A-4DE5-BEA7-27CDB6BA5593 
040 |a SNK  |b slo  |c SNK  |e rda 
041 0 |a slo 
044 |a xo  |c SK 
072 7 |a 51  |x Matematika  |2 konspekt 
080 |a 51  |2 2011 
080 |a 514  |2 2011 
080 |a 519.21  |2 2011 
080 |a (075.2)  |2 2011 
080 |a (072)  |2 2011 
100 1 |a Kohanová, Iveta  |4 aut  |9 153404 
245 1 0 |a Nový Pomocník z matematiky  |b pre 8. ročník ZŠ a 3. ročník GOŠ : zošit pre učiteľa  |n 2. zošit  |c Iveta Kohanová, Monika Porkertová 
246 3 3 |a Nový Pomocník 8 - matematika  |b zošit pre učiteľa  |n 2. zošit 
264 1 |a Bratislava  |b Orbis Pictus Istropolitana  |c 2019 
300 |a 80 strán  |b ilustrácie  |c 24 cm 
336 |a text  |b txt  |2 rdacontent 
337 |a bez média  |b n  |2 rdamedia 
338 |a zväzok  |b nc  |2 rdacarrier 
500 |a Obálkový podnázov 
650 0 7 |a matematika  |2 SNKPH  |9 70174 
650 0 7 |a Mathematics  |2 SNKPHeng  |9 265620 
650 0 7 |a geometria  |2 SNKPH  |9 829 
650 0 7 |a teória pravdepodobnosti  |2 SNKPH  |9 104068 
650 0 7 |a Geometry  |2 SNKPHeng  |9 268290 
650 0 7 |a Probability theory  |2 SNKPHeng  |9 275380 
655 7 |a učebnice základných škôl  |2 SNKPH  |9 70187 
655 7 |a metodické príručky  |2 SNKPH  |9 70250 
655 7 |a Textbooks (elementary)  |2 SNKPHeng  |9 276977 
655 7 |a Methodological manuals  |2 SNKPHeng  |9 270866 
700 1 |a Porkertová, Monika  |4 aut  |9 338898 
700 1 |a Csiba, Viktor  |4 ill  |9 213396 
919 |a 978-80-8120-661-0 
999 |c 1119201  |d 1121131 
952 |a SNK  |b SNK  |y PREZ  |7 0  |p 17A1374379  |o snkSC 185035/2  |i snk2019/18145  |8 0  |0 0  |1 0  |4 0  |d 2019-07-09  |f 1  |l 0  |r 2026-02-24 18:26:33  |w 2026-02-24 
952 |a SNK  |b SNK  |y VYP  |7 0  |p 17A1374380  |o snkSC 185035/2 D1  |i snk2019/18146  |8 0  |0 0  |1 0  |4 0  |d 2019-07-09  |l 0  |r 2026-02-24 18:26:33  |w 2026-02-24